Statistics for Countries with the Most Sheep

Click here to take the quiz!

General Stats

  • This quiz has been taken 35,975 times
    (18,136 since last reset)
  • The average score is 8 of 14

Answer Stats

# SheepCountry% Correct
161 milChina
89%
27.5 milNew Zealand
88%
72.1 milAustralia
87%
34.8 milUnited Kingdom
85%
63.1 milIndia
82%
30.1 milPakistan
61%
40.0 milIran
53%
31.0 milTurkey
48%
30.1 milMongolia
47%
42.5 milNigeria
28%
28.4 milAlgeria
26%
31.8 milEthiopia
24%
40.6 milSudan
22%
30.8 milChad
15%

Score Distribution

Percentile by Number Answered

Percent of People with Each Score

Your Score History

You have not taken this quiz since the last reset